[Event "SVK-chT2D 0506"]
[Site "Slovakia"]
[Date "2005.11.27"]
[Round "4.7"]
[White "Lencak, Vladimir"]
[Black "Serbin, Rastislav"]
[Result "0-1"]
[WhiteElo "1512"]
[BlackElo "1928"]
[PlyCount "34"]
[EventDate "2005.10.22"]
[EventType "team-tourn"]
[EventRounds "11"]
[EventCountry "SVK"]
[SourceTitle "EXT 2009"]
[Source "ChessBase"]
[SourceDate "2008.11.26"]
[SourceVersion "1"]
[SourceVersionDate "2008.11.26"]
[SourceQuality "1"]

1. e4 e5 2. Nf3 Nf6 3. Nc3 Nc6 4. Bc4 Nxe4 5. Bxf7+ Kxf7 6. Nxe4 d5 7. Neg5+ Kg8 8. d3 Qf6 9. Ng1 Bc5 10. N5h3 h6 11. Qe2 Nd4 12. Qd1 Qg6 13. g3 Bxh3 14. Nxh3 Qf5 15. g4 Nf3+ 16. Kf1 Qxg4 17. Ng1 Nxh2+ 0-1